000 00330nam a2200145Ia 4500
005 20251222152555.0
008 251222s9999||||xx |||||||||||||| ||spa||
020 _a9788484286011
082 _a891.73/T68
100 _aTolstoi, Lev N.
245 0 _aAmo y Criado
250 _a1ra.ed.
264 _bAlba Editorial
942 _cLIB
999 _c26379
_d26379